Detalles MARC
| 000 -LIDER |
| fixed length control field |
01118nam a22002657a 4500 |
| 001 - NÚMERO DE CONTROL |
| Identificador de número de control |
000563 |
| 003 - IDENTIFICACDOR DE NÚMERO DE CONTROL |
| control field |
DO-SdBNP |
| 005 - DATE AND TIME OF LATEST TRANSACTION |
| control field |
20170915084755.0 |
| 007 - CAMPOS FIJOS DE DESCRIPCIÓN FÍSICA |
| fixed length control field |
000563 |
| 008 - ELEMENTOS DE LONGITUD FIJA |
| fixed length control field |
161018b 2010 mx a ||||| |||| 00| 0 spa d |
| 020 ## - ISBN |
| International Standard Book Number |
9687999195 |
| 040 ## - FUENTE DE CATALOGACIÓN |
| Agencia que crea de manera original el registro |
BPMSU |
| Idioma de catalogación |
spa |
| Agencia que realiza la transcripción |
BPMSU |
| 082 ## - NÚMERO DE CLASIFICACIÓN DECIMAL DE DEWEY |
| Classification number |
R 465 |
| Item number |
B582g |
| 245 10 - MENCIÓN DE TITULO |
| Título |
Gramática / |
| Mención de responsabilidad |
equipo editorial ; Carmen C. Chávez Reyes, Alvaro León de la Cruz |
| 246 34 - VARIACION DEL TÍTULO |
| Título propiamente dicho o título corto |
La biblia de la gramática |
| 260 0# - PUBLICACIÓN, DISTRIBUCIÓN, ETC. (PIE DE IMPRENTA) |
| Lugar de publicación, distribución, etc |
México, D.F. : |
| Nombre del editor, distribuidor, etc. |
Letrarte ; |
| -- |
Lexus, |
| Fecha de publicación, distribución, etc |
2010. |
| 300 ## - DESCRIPCIÓN FÍSICA |
| Extensión |
1037 p. : |
| Otros detalles físicos |
il. ; |
| Dimensiones |
28 cm. |
| 505 0# - NOTA DE CONTENIDO |
| Información miscelánea |
Primera parte |
| Título |
Los inicios. -- |
| Información miscelánea |
Segunda parte |
| Título |
Lenguaje. -- |
| Información miscelánea |
Tercera parte |
| Título |
Morfosintaxis. -- |
| Información miscelánea |
Cuarta parte |
| Título |
Sintaxis. -- |
| Información miscelánea |
Quinta parte |
| Título |
Conjugaciones. -- |
| Información miscelánea |
Sexta parte |
| Título |
Compendio. -- |
| Información miscelánea |
Séptima parte |
| Título |
Particularidades del lenguaje. -- |
| Información miscelánea |
Octava parte |
| Título |
Literatura. -- |
| Información miscelánea |
Novena parte |
| Título |
Ejercicios. |
| 650 #4 - ENCABEZAMIENTO DE MATERIA--TEMÁTICO |
| Término temático o nombre geográfico como elemento de entrada |
ESPAÑOL |
| Subdivisión temática general |
GRAMÁTICA |
| 700 12 - ASIENTO SECUNDARIO -- NOMBRE PERSONAL |
| Nombre personal |
Chávez Reyes, Carmen C. |
| Mención de responsabilidad |
ed. |
| 700 12 - ASIENTO SECUNDARIO -- NOMBRE PERSONAL |
| Nombre personal |
León de la Cruz, Alvaro, |
| Mención de responsabilidad |
ed. |
| 910 ## - VALIDACIÓN |
| Validación |
Validado. Control de calidad MFF |
| 942 ## - ADDED ENTRY ELEMENTS (KOHA) |
| Source of classification or shelving scheme |
Dewey Decimal Classification |
| Koha item type |
Libros |
| 956 ## - LOCAL ELECTRONIC LOCATION AND ACCESS (OCLC) |
| Método de acceso |
LOPEREZ |
| Materiales especificados |
10 |
| Enlace |
20161018 |
| Campo enlazado y núm. de secuencia |
BPMSU |
| Nombre de host |
00041 |